[Event "Las Palmas Montalvo Memorial 11th"]
[Site "Las Palmas"]
[Date "2018.03.24"]
[Round "1"]
[White "Bozinovic, Boban"]
[Black "Farina Vidal, Carlos"]
[Result "1-0"]
[WhiteElo "1990"]
[BlackElo "1354"]
[PlyCount "43"]
[EventDate "2018.03.24"]
[EventType "swiss"]
[EventRounds "9"]
[EventCountry "ESP"]
[SourceTitle "CBM 183 Extra"]
[Source "ChessBase"]
[SourceDate "2018.04.19"]
[SourceVersion "1"]
[SourceVersionDate "2018.04.19"]
[SourceQuality "1"]

1. e4 e6 2. d4 d5 3. Nc3 Bb4 4. e5 Ne7 5. a3 Bxc3+ 6. bxc3 b6 7. Bb5+ Nd7 8. Qg4 0-0 9. h4 f5 10. Qg3 c6 11. Bh6 Rf7 12. Bd3 c5 13. Nf3 Ng6 14. h5 gxh6 15. hxg6 Rg7 16. Rxh6 Nf8 17. gxh7+ Kh8 18. Qxg7+ Kxg7 19. h8Q+ Kf7 20. Rf6+ Ke8 21. Bb5+ Bd7 22. Qxf8# 1-0